000 00475nam a2200145Ia 4500
003 OSt
005 20260227111418.0
008 211028s2019 xx 000 0 und d
040 _cAIMIT LIBRARY
041 _aeng
100 _aPinto, Sonalin Jovita; Vasantha G.
_g1716191
_98165
245 _aStudy on awareness of durotop construction chemicals private limited products and services through advertisement /
260 _aMangalore
_bRavi Kudtarkar
_c2019
942 _2ddc
_cPRO
999 _c219733
_d219733